VOLVAMOS AL CAMPO: SANIDAD ANIMAL EN PEQUEÑAS ESPECIES V.7 (Registro nro. 223497)
[ vista simple ]
| 000 -LEADER | |
|---|---|
| campo de control de longitud fija | 00961nam a2200265Ia 4500 |
| 005 - FECHA Y HORA DE LA ÚLTIMA TRANSACCIÓN | |
| campo de control | 20250425162145.0 |
| 008 - DATOS DE LONGITUD FIJA--INFORMACIÓN GENERAL | |
| campo de control de longitud fija | 250425s9999 xx 000 0 und d |
| 020 ## - NÚMERO INTERNACIONAL ESTÁNDAR DEL LIBRO | |
| Número Internacional Estándar del Libro | 9588203007 |
| 041 ## - CÓDIGO DE IDIOMA | |
| Código de lengua del texto/banda sonora o título independiente | spa |
| 082 ## - NÚMERO DE LA CLASIFICACIÓN DECIMAL DEWEY | |
| Número de clasificación | 630 |
| 010 ## - NÚMERO DE CONTROL DE LA BIBLIOTECA DEL CONGRESO | |
| Número de control de LC | 53663 |
| 100 ## - ENTRADA PRINCIPAL--NOMBRE DE PERSONA | |
| Nombre de persona | OSORIO DIAZ, DORIS LILIANA |
| 245 #0 - MENCIÓN DEL TÍTULO | |
| Título | VOLVAMOS AL CAMPO: SANIDAD ANIMAL EN PEQUEÑAS ESPECIES V.7 |
| 250 ## - MENCION DE EDICION | |
| Mención de edición | 1A ED. |
| 260 ## - PUBLICACIÓN, DISTRIBUCIÓN, ETC. | |
| Lugar de publicación, distribución, etc. | Colombia |
| Nombre del editor, distribuidor, etc. | GRUPO LATINO |
| Fecha de publicación, distribución, etc. | 2003 |
| 260 ## - PUBLICACIÓN, DISTRIBUCIÓN, ETC. | |
| Lugar de publicación, distribución, etc. | S.L. |
| 300 ## - DESCRIPCIÓN FÍSICA | |
| Extensión | 79 |
| 500 ## - NOTA GENERAL | |
| Nota general | EN CIBGZ-FIMCP 50414 V.7 PARA ING. AGROPECUARIA.- MHP. |
| 520 ## - RESUMEN, ETC. | |
| Sumario, etc. | TRATA SOBRE LA SANIDAD ANIMAL EN PEQUEÑAS ESPECIES; LOS QUE ESTAN DEDICADOS AL TRABAJO DE LA EXPLOTACIÓN AGROPECUARIA, NO HACE FALTA LA PREOCUPACIÓN POR LOS ANIMALES QUE SOSTIENE. PENSANDO EN ESTO SE ELABORÓ ESTE MANUAL DE SENCILLA COMPRENSIÓN QUE SIRVA |
| 650 ## - PUNTO DE ACCESO ADICIONAL DE MATERIA--TÉRMINO DE MATERIA | |
| Término de materia o nombre geográfico como elemento de entrada | ENFERMEDADES INFECCIOSAS |
| 650 ## - PUNTO DE ACCESO ADICIONAL DE MATERIA--TÉRMINO DE MATERIA | |
| Término de materia o nombre geográfico como elemento de entrada | ENFERMEDADES PARASITARIAS |
| 650 ## - PUNTO DE ACCESO ADICIONAL DE MATERIA--TÉRMINO DE MATERIA | |
| Término de materia o nombre geográfico como elemento de entrada | PATOLOGIA |
| 650 ## - PUNTO DE ACCESO ADICIONAL DE MATERIA--TÉRMINO DE MATERIA | |
| Término de materia o nombre geográfico como elemento de entrada | SANIDAD ANIMAL |
| 942 ## - ELEMENTOS DE ENTRADA SECUNDARIOS (KOHA) | |
| Tipo de ítem Koha | Libros |
| Estatus retirado | Estado de pérdida | Estado de daño | No para préstamo | Biblioteca de origen | Biblioteca actual | Fecha de adquisición | Coste, precio normal de compra | Total de préstamos | Código de barras | Copia número |
|---|---|---|---|---|---|---|---|---|---|---|
| FACULTAD DE INGENIERIA MECANICA Y CIENCIAS DE LA PRODUCCION | FACULTAD DE INGENIERIA MECANICA Y CIENCIAS DE LA PRODUCCION | 02/02/2005 | 5.00 | 50414 | 1 |